[Event "Gibraltar ChallWk1 12th"]
[Site "Gibraltar"]
[Date "2014.01.30"]
[Round "4.16"]
[White "Faika, Michael"]
[Black "Bhopal, Raj"]
[Result "1-0"]
[WhiteElo "2147"]
[BlackElo "2093"]
[PlyCount "107"]
[EventDate "2014.01.27"]
[EventType "swiss"]
[EventRounds "5"]
[EventCountry "GGB"]
[SourceTitle "BritBase"]
[Source "www.saund.co.uk"]
[SourceDate "2018.02.10"]
[SourceVersion "1"]
[SourceVersionDate "2018.02.10"]
[SourceQuality "1"]

1. e4 d5 2. d3 e5 3. exd5 Qxd5 4. Nc3 Bb4 5. Bd2 Bxc3 6. Bxc3 Nf6 7. d4 e4 8.
b3 Bg4 9. f3 exf3 10. gxf3 Bh5 11. Bc4 Qg5 12. Qd2 Qh4+ 13. Qf2 Qxf2+ 14. Kxf2
O-O 15. Ne2 Bg6 16. Nf4 Nbd7 17. Rhg1 Nb6 18. Nxg6 hxg6 19. Bd3 Nbd5 20. Bd2
Nh5 21. Rg4 Rad8 22. c4 Ndf6 23. Rh4 Rd7 24. Rg1 c5 25. d5 Re8 26. Re1 Red8 27.
Be3 b6 28. f4 Re7 29. f5 gxf5 30. Rg1 f4 31. Bxf4 Nxf4 32. Rxf4 Rd6 33. Kf3 Nd7
34. Bb1 Rf6 35. Bf5 Ne5+ 36. Kg3 Ng6 37. Rf3 Ne5 38. Rf2 g6 39. Bb1 Rxf2 40.
Kxf2 Rd7 41. Ke3 Kg7 42. h4 Kh6 43. Kf4 f6 44. h5 g5+ 45. Kf5 Kg7 46. Re1 Nf3
47. Re8 Nd4+ 48. Kg4 Rd6 49. Re7+ Kf8 50. Rxa7 b5 51. h6 f5+ 52. Kxg5 Nf3+ 53.
Kh5 Ne5 54. Bxf5 1-0

[Event "Gibraltar ChallWk1 12th"]
[Site "Gibraltar"]
[Date "2014.01.30"]
[Round "4.17"]
[White "Nikolaidis, Konstantinos"]
[Black "Jacobsen, Fredrik Beer"]
[Result "1/2-1/2"]
[WhiteElo "2185"]
[BlackElo "1991"]
[PlyCount "97"]
[EventDate "2014.01.27"]
[EventType "swiss"]
[EventRounds "5"]
[EventCountry "GGB"]
[SourceTitle "BritBase"]
[Source "www.saund.co.uk"]
[SourceDate "2018.02.10"]
[SourceVersion "1"]
[SourceVersionDate "2018.02.10"]
[SourceQuality "1"]

1. d4 Nf6 2. c4 e5 3. dxe5 Ng4 4. Nh3 Nxe5 5. e3 Bb4+ 6. Bd2 Bxd2+ 7. Qxd2 d5
8. Qxd5 Qxd5 9. cxd5 Bxh3 10. gxh3 Nbd7 11. Nc3 a6 12. O-O-O O-O-O 13. Rg1 Rhg8
14. Be2 f5 15. Rd4 Nf6 16. Kc2 Rd7 17. Rg5 g6 18. Rg1 Rgd8 19. Rgd1 c6 20. dxc6
Nxc6 21. Rxd7 Rxd7 22. Rxd7 Kxd7 23. f4 Kd6 24. Bf3 Nb4+ 25. Kd2 Nbd5 26. a3 b6
27. Nxd5 Nxd5 28. Kd3 Nf6 29. Kd4 a5 30. b4 axb4 31. axb4 Ke6 32. h4 h5 33. h3
Kd6 34. Bg2 Ke6 35. Bf1 Kd6 36. Bc4 Nd7 37. e4 fxe4 38. Kxe4 Nf6+ 39. Kd4 Nd7
40. Bd3 Nf8 41. f5 gxf5 42. Bxf5 Ne6+ 43. Kc4 Nf4 44. Kd4 Nd5 45. b5 Nc7 46.
Bd3 Ke6 47. Be2 Kf6 48. Bxh5 Nxb5+ 49. Kd5 1/2-1/2

[Event "Gibraltar ChallWk1 12th"]
[Site "Gibraltar"]
[Date "2014.01.30"]
[Round "4.18"]
[White "Gandrud, Vegar Koi"]
[Black "Olsen, Miriam F"]
[Result "1-0"]
[WhiteElo "2242"]
[BlackElo "1997"]
[PlyCount "63"]
[EventDate "2014.01.27"]
[EventType "swiss"]
[EventRounds "5"]
[EventCountry "GGB"]
[SourceTitle "BritBase"]
[Source "www.saund.co.uk"]
[SourceDate "2018.02.10"]
[SourceVersion "1"]
[SourceVersionDate "2018.02.10"]
[SourceQuality "1"]

1. d4 Nf6 2. c4 e6 3. Nf3 b6 4. a3 Bb7 5. e3 Be7 6. Nc3 Ne4 7. Nxe4 Bxe4 8. Bd3
Bxd3 9. Qxd3 d6 10. O-O O-O 11. e4 Bf6 12. Be3 Nd7 13. Rfd1 g6 14. Rac1 c5 15.
b4 cxd4 16. Bxd4 e5 17. Bb2 Be7 18. Nd2 Qc7 19. Nf1 Nf6 20. Ne3 Qb7 21. f3 Rac8
22. b5 a5 23. a4 Nd7 24. Ba3 Nc5 25. Qc2 Rfd8 26. Rd5 Ne6 27. Rcd1 Qc7 28. Qd2
Nd4 29. Rxd4 exd4 30. Nd5 Qb7 31. Qxd4 Rb8 32. Bb2 1-0

[Event "Gibraltar ChallWk1 12th"]
[Site "Gibraltar"]
[Date "2014.01.30"]
[Round "4.19"]
[White "Vinas Guerrero, Carlos A"]
[Black "Omoifo, Osemekhian I"]
[Result "1/2-1/2"]
[WhiteElo "2153"]
[BlackElo "2076"]
[PlyCount "111"]
[EventDate "2014.01.27"]
[EventType "swiss"]
[EventRounds "5"]
[EventCountry "GGB"]
[SourceTitle "BritBase"]
[Source "www.saund.co.uk"]
[SourceDate "2018.02.10"]
[SourceVersion "1"]
[SourceVersionDate "2018.02.10"]
[SourceQuality "1"]

1. e4 Nf6 2. e5 Nd5 3. d4 d6 4. Nf3 dxe5 5. Nxe5 g6 6. Bc4 c6 7. Qf3 Be6 8. O-O
Bg7 9. Bb3 O-O 10. c3 Nd7 11. Nd3 Nc7 12. Bc2 Bd5 13. Qg3 Ne6 14. Be3 Nf6 15.
f3 Bc4 16. Rd1 Nd5 17. Bf2 a5 18. Nd2 Ba6 19. h4 b6 20. Ne4 Bxd3 21. Bxd3 Nef4
22. Bf1 Bh6 23. Re1 b5 24. Rad1 a4 25. a3 Re8 26. Ng5 Qb8 27. Nh3 Qd6 28. Qh2
Qf6 29. Nxf4 Bxf4 30. Bg3 e6 31. Re4 Bb8 32. Be5 Bxe5 33. dxe5 Qg7 34. h5 Rad8
35. Qh4 Rd7 36. c4 bxc4 37. Bxc4 Rb7 38. h6 Qf8 39. Bxd5 cxd5 40. Re2 Reb8 41.
Rdd2 Rc7 42. Rc2 Rbc8 43. Rxc7 Rxc7 44. Kh2 Rc4 45. Qg5 f6 46. exf6 Qd6+ 47. g3
Kf7 48. Re3 Rc2+ 49. Kh3 Rxb2 50. Rc3 e5 51. Rc1 Qe6+ 52. Qg4 Qxg4+ 53. Kxg4
Kxf6 54. Rc6+ Ke7 55. Rc7+ Kf6 56. Rc6+ 1/2-1/2

[Event "Gibraltar ChallWk1 12th"]
[Site "Gibraltar"]
[Date "2014.01.30"]
[Round "4.20"]
[White "Festa, Samuele"]
[Black "Byron, Alan M"]
[Result "0-1"]
[WhiteElo "2075"]
[BlackElo "2147"]
[PlyCount "60"]
[EventDate "2014.01.27"]
[EventType "swiss"]
[EventRounds "5"]
[EventCountry "GGB"]
[SourceTitle "BritBase"]
[Source "www.saund.co.uk"]
[SourceDate "2018.02.10"]
[SourceVersion "1"]
[SourceVersionDate "2018.02.10"]
[SourceQuality "1"]

1. d4 Nf6 2. Nf3 g6 3. c4 Bg7 4. Nc3 O-O 5. e4 d6 6. Be2 Na6 7. O-O e5 8. dxe5
dxe5 9. Qxd8 Rxd8 10. Bg5 Re8 11. a3 h6 12. Bxf6 Bxf6 13. b4 c6 14. Nd2 Nc7 15.
c5 Be6 16. Rad1 b5 17. cxb6 axb6 18. Ra1 Red8 19. Rfd1 b5 20. Kf1 Be7 21. Ke1
f6 22. Rdc1 Na6 23. Bd1 Kf8 24. Bb3 Nxb4 25. axb4 Rxa1 26. Rxa1 Bxb3 27. Nxb3
Bxb4 28. Ke2 Bxc3 29. Rc1 b4 30. Nc5 Rd2+ 0-1

[Event "Gibraltar ChallWk1 12th"]
[Site "Gibraltar"]
[Date "2014.01.30"]
[Round "4.21"]
[White "Suez-Panama, Gilles"]
[Black "Becham, Khalid"]
[Result "1-0"]
[WhiteElo "2071"]
[BlackElo "2122"]
[PlyCount "63"]
[EventDate "2014.01.27"]
[EventType "swiss"]
[EventRounds "5"]
[EventCountry "GGB"]
[SourceTitle "BritBase"]
[Source "www.saund.co.uk"]
[SourceDate "2018.02.10"]
[SourceVersion "1"]
[SourceVersionDate "2018.02.10"]
[SourceQuality "1"]

1. d4 Nf6 2. Nf3 e6 3. c4 d5 4. g3 Be7 5. Bg2 O-O 6. O-O dxc4 7. Qc2 Nc6 8.
Qxc4 Qd5 9. Qd3 Rd8 10. Nc3 Qd7 11. Rd1 Qe8 12. e4 Nxd4 13. Nxd4 c5 14. Ncb5
Qd7 15. Bf4 Ne8 16. Qe2 cxd4 17. Rxd4 Qc6 18. Rxd8 Bxd8 19. e5 Qa6 20. Rd1 Be7
21. Be4 Nc7 22. Bxh7+ Kf8 23. Bd3 Nxb5 24. Bxb5 Qa5 25. Qh5 Kg8 26. Bd3 f5 27.
Qe8+ Bf8 28. Bc4 Qc5 29. Rd8 Qxc4 30. Qxf8+ Kh7 31. Qh8+ Kg6 32. Rg8 1-0

[Event "Gibraltar ChallWk1 12th"]
[Site "Gibraltar"]
[Date "2014.01.30"]
[Round "4.22"]
[White "Ungureanu, Sandu"]
[Black "Kandic, Milan"]
[Result "1/2-1/2"]
[WhiteElo "2014"]
[BlackElo "2080"]
[PlyCount "72"]
[EventDate "2014.01.27"]
[EventType "swiss"]
[EventRounds "5"]
[EventCountry "GGB"]
[SourceTitle "BritBase"]
[Source "www.saund.co.uk"]
[SourceDate "2018.02.10"]
[SourceVersion "1"]
[SourceVersionDate "2018.02.10"]
[SourceQuality "1"]

1. c4 d6 2. d4 e5 3. dxe5 dxe5 4. Qxd8+ Kxd8 5. Nc3 c6 6. e4 Be6 7. Be3 Nd7 8.
O-O-O Kc7 9. g3 Ngf6 10. f3 Bc5 11. Bxc5 Nxc5 12. Nh3 h6 13. Nf2 Rad8 14. Be2
Rd4 15. b4 Na6 16. a3 Rhd8 17. c5 Bb3 18. Rd3 Rxd3 19. Bxd3 Nb8 20. Kb2 Be6 21.
Rd1 b6 22. cxb6+ axb6 23. f4 Ng4 24. Nxg4 Bxg4 25. Be2 Rxd1 26. Bxd1 Bxd1 27.
Nxd1 exf4 28. gxf4 b5 29. Kc3 Nd7 30. Kd4 g5 31. fxg5 hxg5 32. Ne3 Kd6 33. Ng4
Ke6 34. e5 Kf5 35. Nh6+ Ke6 36. Ng4 Kf5 1/2-1/2

[Event "Gibraltar ChallWk1 12th"]
[Site "Gibraltar"]
[Date "2014.01.30"]
[Round "4.23"]
[White "Verneuil, Pascal"]
[Black "Krokay, Urszula"]
[Result "1-0"]
[WhiteElo "2065"]
[BlackElo "1926"]
[PlyCount "73"]
[EventDate "2014.01.27"]
[EventType "swiss"]
[EventRounds "5"]
[EventCountry "GGB"]
[SourceTitle "BritBase"]
[Source "www.saund.co.uk"]
[SourceDate "2018.02.10"]
[SourceVersion "1"]
[SourceVersionDate "2018.02.10"]
[SourceQuality "1"]

1. e4 e5 2. Nf3 Nc6 3. Bb5 a6 4. Bxc6 dxc6 5. d3 Qf6 6. d4 exd4 7. Qxd4 Qg6 8.
O-O Be7 9. Bf4 Bh3 10. Bg3 Rd8 11. Qe3 h5 12. Ne5 Qe6 13. Nd3 Bg4 14. Bxc7 Rd7
15. Bf4 h4 16. h3 Bh5 17. Nc3 f6 18. Na4 g5 19. Bb8 Rd8 20. Bc7 Rc8 21. Nac5
Qf7 22. Bh2 g4 23. Bf4 Qg6 24. Kh2 Nh6 25. f3 f5 26. Bxh6 Rxh6 27. exf5 Qd6+
28. f4 Kf8 29. Ne6+ Kg8 30. Ne5 g3+ 31. Kh1 Rf6 32. Rae1 Rxf5 33. Nd4 Rf6 34.
f5 Kh7 35. Nc4 Qd5 36. Qxe7+ Rf7 37. Qxh4 1-0

[Event "Gibraltar ChallWk1 12th"]
[Site "Gibraltar"]
[Date "2014.01.30"]
[Round "4.24"]
[White "Tortolero, Cesar"]
[Black "Schouten, Freek"]
[Result "0-1"]
[WhiteElo "1952"]
[BlackElo "2069"]
[PlyCount "72"]
[EventDate "2014.01.27"]
[EventType "swiss"]
[EventRounds "5"]
[EventCountry "GGB"]
[SourceTitle "BritBase"]
[Source "www.saund.co.uk"]
[SourceDate "2018.02.10"]
[SourceVersion "1"]
[SourceVersionDate "2018.02.10"]
[SourceQuality "1"]

1. d4 d5 2. c4 c6 3. Nf3 e6 4. Nc3 dxc4 5. a4 Bb4 6. e3 b5 7. Bd2 a5 8. axb5
Bxc3 9. Bxc3 cxb5 10. Ne5 Bb7 11. Nxf7 Kxf7 12. Qh5+ Kf8 13. Qxb5 Qd5 14. Qxc4
Nc6 15. Qa4 Nf6 16. Bc4 Qxg2 17. O-O-O Qe4 18. Qb3 Ne7 19. Qb6 Qc6 20. Qb3 Ned5
21. Rhg1 Kf7 22. f3 a4 23. Qa2 Rhc8 24. Bxd5 Nxd5 25. Qa3 Rc7 26. Kd2 Ba6 27.
e4 Nxc3 28. bxc3 Qc4 29. Kc2 Rac8 30. d5 Qxc3+ 31. Qxc3 Rxc3+ 32. Kb2 Rb3+ 33.
Ka1 g6 34. d6 Rxf3 35. Rc1 Rxc1+ 36. Rxc1 Rf1 0-1

[Event "Gibraltar ChallWk1 12th"]
[Site "Gibraltar"]
[Date "2014.01.30"]
[Round "4.25"]
[White "Nyland, Thomas"]
[Black "Lochte, Szilvia"]
[Result "0-1"]
[WhiteElo "2047"]
[BlackElo "1951"]
[PlyCount "86"]
[EventDate "2014.01.27"]
[EventType "swiss"]
[EventRounds "5"]
[EventCountry "GGB"]
[SourceTitle "BritBase"]
[Source "www.saund.co.uk"]
[SourceDate "2018.02.10"]
[SourceVersion "1"]
[SourceVersionDate "2018.02.10"]
[SourceQuality "1"]

1. e4 e5 2. Nf3 Nc6 3. Bb5 a6 4. Ba4 Nf6 5. Nc3 b5 6. Bb3 Be7 7. d3 d6 8. Ne2
Na5 9. Ng3 Nxb3 10. axb3 O-O 11. O-O c5 12. c4 Bd7 13. Ne1 Qb6 14. Nc2 Bg4 15.
Qd2 Nh5 16. Nxh5 Bxh5 17. Ne3 Qd8 18. g4 Bg6 19. Nd5 Bh4 20. f3 b4 21. Qg2 a5
22. Be3 Ra6 23. Ra4 Qd7 24. Qh3 Bd8 25. Qg3 f6 26. Bd2 Be8 27. Rfa1 Qa7 28.
R4a2 Rf7 29. f4 Qb8 30. f5 Rfa7 31. g5 fxg5 32. Bxg5 Kh8 33. Kh1 Bd7 34. Ne3
Qc7 35. Rg1 Bxg5 36. Qxg5 Be8 37. f6 Bg6 38. h4 Qf7 39. fxg7+ Kg8 40. Qd8+ Qe8
41. Qxe8+ Bxe8 42. Nf5 Bg6 43. Ne7+ Rxe7 0-1

[Event "Gibraltar ChallWk1 12th"]
[Site "Gibraltar"]
[Date "2014.01.30"]
[Round "4.26"]
[White "Mortensen, Henrik"]
[Black "Nejanky, Maisa"]
[Result "1/2-1/2"]
[WhiteElo "1938"]
[BlackElo "2040"]
[PlyCount "97"]
[EventDate "2014.01.27"]
[EventType "swiss"]
[EventRounds "5"]
[EventCountry "GGB"]
[SourceTitle "BritBase"]
[Source "www.saund.co.uk"]
[SourceDate "2018.02.10"]
[SourceVersion "1"]
[SourceVersionDate "2018.02.10"]
[SourceQuality "1"]

1. e4 c5 2. Nf3 d6 3. d4 cxd4 4. Nxd4 Nf6 5. Bd3 Nc6 6. Ne2 g6 7. c4 Bg7 8.
Nbc3 O-O 9. O-O Be6 10. Rb1 a6 11. Nf4 Rc8 12. Be3 Ne5 13. Nxe6 fxe6 14. b3 Qa5
15. b4 Qc7 16. f3 Nxd3 17. Qxd3 Qxc4 18. Qxc4 Rxc4 19. Rfc1 Rfc8 20. Ne2 Kf7
21. Kf1 Nd7 22. Ke1 Ne5 23. Rxc4 Rxc4 24. Kd2 b5 25. Rb3 Rc6 26. Kd1 Nc4 27.
Bc1 d5 28. exd5 exd5 29. Nf4 Rd6 30. Nd3 e5 31. Nc5 Rc6 32. Ke2 a5 33. Nb7 a4
34. Nd8+ Ke8 35. Nxc6 axb3 36. axb3 Nd6 37. Bb2 d4 38. f4 exf4 39. Bxd4 Bxd4
40. Nxd4 Kf7 41. Kf3 g5 42. h4 h6 43. hxg5 hxg5 44. g3 fxg3 45. Kxg3 Kf6 46.
Kg4 Ke5 47. Nxb5 Nxb5 48. Kxg5 Kd4 49. Kf6 1/2-1/2

[Event "Gibraltar ChallWk1 12th"]
[Site "Gibraltar"]
[Date "2014.01.30"]
[Round "4.27"]
[White "Danielsen, Magnus"]
[Black "Andersen, Daniel"]
[Result "1-0"]
[WhiteElo "2032"]
[BlackElo "1941"]
[PlyCount "91"]
[EventDate "2014.01.27"]
[EventType "swiss"]
[EventRounds "5"]
[EventCountry "GGB"]
[SourceTitle "BritBase"]
[Source "www.saund.co.uk"]
[SourceDate "2018.02.10"]
[SourceVersion "1"]
[SourceVersionDate "2018.02.10"]
[SourceQuality "1"]

1. e4 e6 2. d4 d5 3. Nc3 Bb4 4. e5 c5 5. a3 Bxc3+ 6. bxc3 Qa5 7. Bd2 Qa4 8. Nf3
c4 9. g3 Nc6 10. Bg2 Bd7 11. O-O O-O-O 12. Ng5 Rf8 13. f4 f6 14. exf6 gxf6 15.
Nf3 Be8 16. Nh4 f5 17. Re1 Bf7 18. Nf3 Nf6 19. Ne5 Ne4 20. Bxe4 fxe4 21. Be3 h5
22. h3 Be8 23. Kf2 Rfg8 24. Rg1 Bg6 25. Rg2 Bf5 26. g4 hxg4 27. hxg4 Nxe5 28.
dxe5 Bg6 29. Qe2 Rh3 30. Rag1 Rf3+ 31. Ke1 Qxa3 32. Kd2 Rh8 33. Rg3 Rxg3 34.
Rxg3 Rh1 35. Rg1 Rxg1 36. Bxg1 Qb2 37. Be3 b5 38. f5 exf5 39. gxf5 Bxf5 40. Qh5
Bd7 41. e6 Bc6 42. e7 b4 43. e8=Q+ Bxe8 44. Qxe8+ Kc7 45. Qe7+ Kc6 46. Qc5+ 1-0

[Event "Gibraltar ChallWk1 12th"]
[Site "Gibraltar"]
[Date "2014.01.30"]
[Round "4.28"]
[White "Jorgensen, Line Jin"]
[Black "Isherwood, Paul"]
[Result "0-1"]
[WhiteElo "1925"]
[BlackElo "2020"]
[PlyCount "44"]
[EventDate "2014.01.27"]
[EventType "swiss"]
[EventRounds "5"]
[EventCountry "GGB"]
[SourceTitle "BritBase"]
[Source "www.saund.co.uk"]
[SourceDate "2018.02.10"]
[SourceVersion "1"]
[SourceVersionDate "2018.02.10"]
[SourceQuality "1"]

1. d4 d6 2. e4 Nf6 3. Nc3 Nbd7 4. Nf3 e5 5. Bc4 Be7 6. Qe2 O-O 7. O-O c6 8.
dxe5 dxe5 9. a4 Qc7 10. h3 Nc5 11. Bg5 Ne6 12. Be3 Nf4 13. Bxf4 exf4 14. e5 Nh5
15. Rfe1 Bc5 16. Ne4 Ng3 17. Qd2 Nxe4 18. Rxe4 Be6 19. b4 Rad8 20. Qc3 Bd5 21.
Bxd5 cxd5 22. Rxf4 Bxf2+ 0-1

[Event "Gibraltar ChallWk1 12th"]
[Site "Gibraltar"]
[Date "2014.01.30"]
[Round "4.29"]
[White "Perdomo Araujo, Angel Eduardo"]
[Black "Georgieva, Emilia"]
[Result "1-0"]
[WhiteElo "2018"]
[BlackElo "1933"]
[PlyCount "149"]
[EventDate "2014.01.27"]
[EventType "swiss"]
[EventRounds "5"]
[EventCountry "GGB"]
[SourceTitle "BritBase"]
[Source "www.saund.co.uk"]
[SourceDate "2018.02.10"]
[SourceVersion "1"]
[SourceVersionDate "2018.02.10"]
[SourceQuality "1"]

1. e4 c5 2. Nf3 d6 3. d4 cxd4 4. Nxd4 Nf6 5. Nc3 a6 6. f3 e5 7. Nb3 Be6 8. Bg5
Be7 9. Qd2 Nbd7 10. g4 h6 11. Be3 Qc7 12. O-O-O b5 13. h4 Bxb3 14. axb3 Rc8 15.
Rh2 Nc5 16. Kb1 b4 17. Nd5 Nxd5 18. Qxd5 Qc6 19. Qd2 a5 20. g5 h5 21. Bc4 g6
22. Bd5 Qb5 23. f4 a4 24. fxe5 axb3 25. cxb3 O-O 26. Rf2 dxe5 27. Rdf1 Ne6 28.
Bc4 Qa5 29. Rxf7 Rxc4 30. Rxf8+ Bxf8 31. bxc4 Qa6 32. Qd5 b3 33. Rxf8+ Kxf8 34.
Bc5+ Nxc5 35. Qxc5+ Kg8 36. Qd5+ Kf8 37. Qc5+ Kg8 38. Qxe5 Qa2+ 39. Kc1 Qa1+
40. Kd2 Qh1 41. Qb8+ Kh7 42. Qxb3 Qxe4 43. Qd3 Qxh4 44. Qd7+ Kg8 45. Qd5+ Kf8
46. c5 Qf2+ 47. Kc3 Qg3+ 48. Kc4 h4 49. c6 Qc7 50. Qc5+ Kg8 51. Qd5+ Kf8 52.
Qf3+ Kg8 53. Qf6 Kh7 54. Qf3 Kg8 55. Qe4 Kf7 56. Qxh4 Qxc6+ 57. Kb3 Qf3+ 58.
Ka2 Qe2 59. Qh7+ Ke6 60. Qxg6+ Kd5 61. Qg8+ Kd4 62. Qd8+ Kc5 63. Qa5+ Kd4 64.
Ka3 Qh5 65. Qd2+ Kc5 66. b4+ Kb5 67. Qd5+ Kb6 68. Ka4 Qe8+ 69. b5 Qe3 70. Qc6+
Ka7 71. g6 Qd4+ 72. Kb3 Qd3+ 73. Kb4 Qd4+ 74. Qc4 Qg7 75. Qf7+ 1-0

[Event "Gibraltar ChallWk1 12th"]
[Site "Gibraltar"]
[Date "2014.01.30"]
[Round "4.30"]
[White "Tarr, Steve F"]
[Black "Hamer, Martyn"]
[Result "0-1"]
[WhiteElo "1728"]
[BlackElo "2017"]
[PlyCount "70"]
[EventDate "2014.01.27"]
[EventType "swiss"]
[EventRounds "5"]
[EventCountry "GGB"]
[SourceTitle "BritBase"]
[Source "www.saund.co.uk"]
[SourceDate "2018.02.10"]
[SourceVersion "1"]
[SourceVersionDate "2018.02.10"]
[SourceQuality "1"]

1. d4 h6 2. Bf4 d6 3. e3 g5 4. Bg3 Bg7 5. Be2 c5 6. c3 Qb6 7. Qb3 Nf6 8. Nd2
Be6 9. Nc4 Qc7 10. Qa4+ Nbd7 11. Nd2 Bf5 12. dxc5 Qxc5 13. Ngf3 O-O 14. Nd4 Bg6
15. O-O a6 16. Bf3 Qc7 17. e4 Rfc8 18. Nf5 Bf8 19. Qd4 Qc5 20. Ne3 Rab8 21.
Rad1 b5 22. a3 Bg7 23. Nd5 Nxd5 24. Qxd5 Qxd5 25. exd5 Nc5 26. Rfe1 Kf8 27. Be4
Nxe4 28. Nxe4 Bxe4 29. Rxe4 f5 30. Re6 f4 31. Bxf4 gxf4 32. Rde1 Bf6 33. R6e4
Rc4 34. R1e2 Rbc8 35. Re6 R8c5 0-1

[Event "Gibraltar ChallWk1 12th"]
[Site "Gibraltar"]
[Date "2014.01.30"]
[Round "4.31"]
[White "Reppen, Ellisiv"]
[Black "Musi, Dietmar"]
[Result "1-0"]
[WhiteElo "1995"]
[BlackElo "1762"]
[PlyCount "75"]
[EventDate "2014.01.27"]
[EventType "swiss"]
[EventRounds "5"]
[EventCountry "GGB"]
[SourceTitle "BritBase"]
[Source "www.saund.co.uk"]
[SourceDate "2018.02.10"]
[SourceVersion "1"]
[SourceVersionDate "2018.02.10"]
[SourceQuality "1"]

1. e4 e6 2. d4 d5 3. Nc3 Nf6 4. e5 Nfd7 5. f4 c5 6. Nf3 Nc6 7. Be3 a6 8. g3 b5
9. Bh3 g6 10. O-O cxd4 11. Nxd4 Nxd4 12. Bxd4 Bc5 13. Ne2 Bxd4+ 14. Nxd4 Bb7
15. c3 Nc5 16. Qe2 Rc8 17. Rad1 Ne4 18. Bg2 Qb6 19. a3 Rc5 20. Qe3 O-O 21. g4
Rcc8 22. f5 exf5 23. gxf5 g5 24. f6 h6 25. Rf5 Kh7 26. h4 Rg8 27. Kh2 g4 28.
Bxe4 g3+ 29. Kg2 dxe4 30. Rh5 Rg6 31. Rf1 a5 32. Rf4 b4 33. axb4 axb4 34. Rg4
Rcg8 35. cxb4 Bc8 36. Rxh6+ Rxh6 37. Rxg8 Rg6 38. Rxc8 1-0

[Event "Gibraltar ChallWk1 12th"]
[Site "Gibraltar"]
[Date "2014.01.30"]
[Round "4.32"]
[White "Perez Cameselle, Francisco"]
[Black "Adebajo, Olufemi"]
[Result "1-0"]
[WhiteElo "1847"]
[BlackElo "1979"]
[PlyCount "123"]
[EventDate "2014.01.27"]
[EventType "swiss"]
[EventRounds "5"]
[EventCountry "GGB"]
[SourceTitle "BritBase"]
[Source "www.saund.co.uk"]
[SourceDate "2018.02.10"]
[SourceVersion "1"]
[SourceVersionDate "2018.02.10"]
[SourceQuality "1"]

1. e4 c5 2. d3 Nc6 3. Nf3 d6 4. g3 g6 5. Bg2 Bg7 6. O-O Nf6 7. Nc3 O-O 8. h3
Rb8 9. a4 a6 10. Be3 e5 11. Qd2 Nd4 12. Ne1 b5 13. axb5 axb5 14. Ne2 Be6 15.
Nxd4 cxd4 16. Bh6 Qd7 17. Bxg7 Kxg7 18. Kh2 Nh5 19. Nf3 h6 20. Ra6 Ra8 21. Rfa1
Rxa6 22. Rxa6 Qc7 23. Ne1 Rb8 24. Qb4 Qc5 25. Qxc5 dxc5 26. Nf3 Kf6 27. Rc6 Rc8
28. Rb6 b4 29. b3 Rc7 30. h4 g5 31. Bh3 Ng7 32. hxg5+ hxg5 33. Bxe6 Nxe6 34.
Ra6 Rc8 35. Kg2 Rh8 36. Nh2 Re8 37. Ng4+ Kg7 38. Nxe5 Nc7 39. Rc6 Rxe5 40. Rxc7
g4 41. f4 gxf3+ 42. Kxf3 Kg6 43. Kf4 f6 44. g4 Kh6 45. Rc6 Kg7 46. Rd6 Re7 47.
Rd5 Rc7 48. Kf5 Rc6 49. Rd7+ Kf8 50. Kg6 Ke8 51. Ra7 Kd8 52. Kf5 Rb6 53. e5
fxe5 54. Kxe5 Rg6 55. Kf5 Rh6 56. Ra5 Rc6 57. g5 Ke8 58. Ra7 Kf8 59. g6 Rd6 60.
Kg5 Rc6 61. Kh6 Rc8 62. Kh7 1-0

[Event "Gibraltar ChallWk1 12th"]
[Site "Gibraltar"]
[Date "2014.01.30"]
[Round "4.34"]
[White "Haddock, Paul"]
[Black "Becking, Franz Josef"]
[Result "0-1"]
[WhiteElo "1649"]
[BlackElo "1969"]
[PlyCount "78"]
[EventDate "2014.01.27"]
[EventType "swiss"]
[EventRounds "5"]
[EventCountry "GGB"]
[SourceTitle "BritBase"]
[Source "www.saund.co.uk"]
[SourceDate "2018.02.10"]
[SourceVersion "1"]
[SourceVersionDate "2018.02.10"]
[SourceQuality "1"]

1. e4 e6 2. d4 d5 3. e5 c5 4. c3 Qb6 5. Nf3 Nc6 6. Bd3 cxd4 7. cxd4 Bd7 8. Be2
Nge7 9. Qb3 Qxb3 10. axb3 Nf5 11. Be3 a6 12. O-O Be7 13. Nc3 O-O 14. Na4 Rab8
15. Nb6 Rfd8 16. Rfc1 Bb4 17. Nxd7 Rxd7 18. Bxa6 Ncxd4 19. Bxd4 bxa6 20. Rxa6
Bf8 21. g4 Nxd4 22. Nxd4 g6 23. f4 Rb4 24. Ra4 Rdb7 25. Ne2 Rxb3 26. Rc8 Rxb2
27. Kf1 Rb8 28. Ra8 Rxa8 29. Rxa8 Kg7 30. h4 Bc5 31. Rc8 Be3 32. f5 gxf5 33.
gxf5 exf5 34. Rc7 Kg6 35. h5+ Kxh5 36. Rxf7 Kg6 37. Rd7 f4 38. Rxd5 f3 39. Nc3
Rh2 0-1

[Event "Gibraltar ChallWk1 12th"]
[Site "Gibraltar"]
[Date "2014.01.30"]
[Round "4.37"]
[White "Oliveira, Maria Ines"]
[Black "Othman, Mustapha"]
[Result "0-1"]
[WhiteElo "1986"]
[BlackElo "1905"]
[PlyCount "84"]
[EventDate "2014.01.27"]
[EventType "swiss"]
[EventRounds "5"]
[EventCountry "GGB"]
[SourceTitle "BritBase"]
[Source "www.saund.co.uk"]
[SourceDate "2018.02.10"]
[SourceVersion "1"]
[SourceVersionDate "2018.02.10"]
[SourceQuality "1"]

1. e4 c5 2. Nf3 d6 3. d4 cxd4 4. Nxd4 Nf6 5. Nc3 a6 6. h3 g6 7. g4 Bg7 8. Be3
b5 9. e5 dxe5 10. Bg2 e4 11. Nxe4 Nd5 12. O-O Nxe3 13. fxe3 Ra7 14. Qf3 O-O 15.
Rad1 Rd7 16. Nc5 Rd6 17. c3 Qb6 18. b4 Nd7 19. Nc6 Nxc5 20. bxc5 Qxc5 21. Nxe7+
Kh8 22. Rxd6 Qxd6 23. Nxc8 Rxc8 24. Qxf7 Bxc3 25. Qb7 Rc7 26. Qb8+ Kg7 27. Rf8
Qg3 28. Rg8+ Kh6 29. Qf8+ Kg5 30. Qd8+ Bf6 31. Qd2 Kh4 32. Rf8 Rc6 33. Kf1 Re6
34. e4 Bg5 35. Qf2 Rc6 36. Qxg3+ Kxg3 37. Rf3+ Kh2 38. Rf2 Bh4 39. Rb2 Rc1+ 40.
Ke2 Kxg2 41. Ke3+ Kxh3 42. Kf3 Rf1+ 0-1

[Event "Gibraltar ChallWk1 12th"]
[Site "Gibraltar"]
[Date "2014.01.30"]
[Round "4.38"]
[White "Bucknell, Malcolm Gordon"]
[Black "Oliveira, Maria Alice Ramos M"]
[Result "1-0"]
[WhiteElo "1947"]
[BlackElo "1466"]
[PlyCount "85"]
[EventDate "2014.01.27"]
[EventType "swiss"]
[EventRounds "5"]
[EventCountry "GGB"]
[SourceTitle "BritBase"]
[Source "www.saund.co.uk"]
[SourceDate "2018.02.10"]
[SourceVersion "1"]
[SourceVersionDate "2018.02.10"]
[SourceQuality "1"]

1. d4 Nf6 2. Nf3 g6 3. g3 Bg7 4. Bg2 O-O 5. O-O d6 6. a4 a5 7. Na3 Nbd7 8. Bf4
c5 9. c3 cxd4 10. cxd4 Nb6 11. Rc1 Bd7 12. b3 Nfd5 13. Bd2 f5 14. Qe1 e5 15.
Bg5 Qe8 16. dxe5 dxe5 17. e4 fxe4 18. Nd2 Nb4 19. Bxe4 Bc6 20. Nac4 Nxc4 21.
Nxc4 Qe6 22. Bd2 Bxe4 23. Qxe4 Nc6 24. Rfe1 Rae8 25. Bc3 Qf6 26. f4 Qf5 27.
Qxf5 Rxf5 28. Nd6 Ref8 29. Nxf5 Rxf5 30. fxe5 Bxe5 31. Rf1 Bxc3 32. Rxc3 Re5
33. Kg2 Re2+ 34. Rf2 Re4 35. Rd3 Rb4 36. Rf4 Ne5 37. Rxb4 axb4 38. Rd5 Nc6 39.
Rb5 Nd4 40. Rxb4 Nf5 41. Rxb7 h5 42. a5 Nd6 43. a6 1-0